| 000 | 00375nam a22001577a 4500 | ||
|---|---|---|---|
| 003 | MACL | ||
| 005 | 20151222160846.0 | ||
| 008 | 151222b xxu||||| |||| 00| 0 eng d | ||
| 040 | _cMACL | ||
| 041 | _aEnglish | ||
| 082 | _a930.91/MEL | ||
| 100 |
_aMellersh,H.E.L. _922178 |
||
| 245 | _aThe Ancient and Medieval World | ||
| 650 |
_aAncient History _916402 |
||
| 942 |
_2ddc _cBK |
||
| 999 |
_c51585 _d51585 |
||